[Event "11th Schloss Open"]
[Site "Werther GER"]
[Date "2005.03.18"]
[Round "1"]
[White "Barlag,C"]
[Black "Mchedlishvili,M"]
[Result "0-1"]
[WhiteElo "2107"]
[BlackElo "2515"]

1.Nf3 d5 2.c4 d4 3.d3 c5 4.g3 Nc6 5.Bg2 e5 6.b4 cxb4 7.a3 Nf6 8.axb4 Bxb4+
9.Nfd2 O-O 10.Ba3 Bxa3 11.Nxa3 Bf5 12.Qb3 Qd7 13.Qb5 Rfe8 14.Ne4 Nxe4 15.dxe4 Bg4
16.c5 a6 17.Qd3 Nb4 18.Qd2 a5 19.O-O Qe7 20.Rfc1 Rec8 21.Nc4 Rxc5 22.f4 f6
23.f5 Qc7  0-1

[Event "Extraliga CZE 2004-5"]
[Site "Czech Rep CZE"]
[Date "2005.03.20"]
[Round "9"]
[White "Jakubiec,A"]
[Black "Movsesian,S"]
[Result "1/2-1/2"]
[WhiteElo "2549"]
[BlackElo "2624"]

1.Nf3 d5 2.c4 c6 3.e3 Nf6 4.Qc2 g6 5.b3 Bg7 6.Bb2 O-O 7.d3 Nbd7 8.Nbd2 Re8
9.Rc1 b6 10.cxd5 cxd5 11.d4 Bb7 12.Qc7 Qb8 13.Qxb8 Raxb8 14.Bb5 Rec8 15.Ke2 a6
16.Bd3 Ne4  1/2-1/2

[Event "ch-EU"]
[Site "Cork IRL"]
[Date "2005.03.23"]
[Round "2"]
[White "Sarakauskas,G"]
[Black "McPhillips,K"]
[Result "1-0"]
[WhiteElo "2449"]
[BlackElo "2242"]

1.Nf3 d5 2.c4 e6 3.g3 Nf6 4.Bg2 Be7 5.O-O O-O 6.d4 dxc4 7.Qc2 a6 8.Qxc4 b5
9.Qc2 Bb7 10.Bg5 Nbd7 11.Bxf6 Bxf6 12.Nbd2 c5 13.dxc5 Rc8 14.Nb3 Be7 15.Ng5 Bxg5
16.Bxb7 Rc7 17.Bxa6 Qe7 18.Bxb5 Nxc5 19.Nd4 Rfc8 20.e3 Bf6 21.Rfd1 Nb7 22.Qe2 Bxd4
23.Rxd4 Nd6 24.Ba6 Rc2 25.Rd2 Rxd2 26.Qxd2 Ne4 27.Qd4 Ng5 28.Qg4 Rc2 29.h4 Qf6
30.Be2 Nh3+ 31.Qxh3 Rxe2 32.Qf1 Rxb2 33.Rb1 Rxb1 34.Qxb1 g5 35.hxg5 Qxg5
36.a4 h5 37.Qb4 Qd5 38.a5 Qd1+ 39.Kg2 Qd5+ 40.Kh2 Qa2 41.Kg1 Qe2 42.Qa4 Qa6
43.Qa3 Kg7 44.Qb2+ Kg6 45.Qb6 Qd3 46.a6 Qd1+ 47.Kh2 Qf3 48.Qb1+ Kg5 49.Qb2 f6
50.a7 h4 51.gxh4+ Kg6 52.Qa2  1-0

[Event "Arcimpex Cup"]
[Site "Frydek Mistek CZE"]
[Date "2005.03.24"]
[Round "1"]
[White "Wiley,To"]
[Black "Matras,A"]
[Result "0-1"]
[WhiteElo "2208"]
[BlackElo "2279"]

1.Nf3 d5 2.c4 c6 3.d4 Nf6 4.e3 Bf5 5.cxd5 cxd5 6.Qb3 Qc7 7.Bd2 e6 8.Bb5+ Nc6
9.O-O Bd6 10.Bb4 O-O 11.Bxc6 bxc6 12.Nbd2 Ne4 13.Nxe4 dxe4 14.Bxd6 Qxd6 15.Nd2 Rab8
16.Qc2 Rfc8 17.Rfc1 Rb5 18.b3 f6 19.a4 Rd5 20.Nxe4 Qd8 21.f3 e5 22.dxe5 Rxe5
23.Qc4+ Kh8 24.Ng3 Be6 25.Qd4 Bxb3 26.Rxc6 Re8 27.Rxc8 Qxc8 28.Qxa7 Rd8 29.Qb6 Rd3
30.Nf1 Qc3 31.Rb1 h6 32.a5 Qc2 33.Re1 Qc3 34.Rb1 Qc2 35.Ra1 Qc3 36.Ra3 Qb2
37.Qb4 Qb1 38.h4 Rd1 39.Rxb3 Rxf1+ 40.Kh2 Rh1+ 41.Kg3 Qg1 42.Qg4 Qe1+ 43.Kf4 Rxh4  0-1

[Event "Open"]
[Site "Coventry ENG"]
[Date "2005.03.25"]
[Round "3"]
[White "Cox,Tr"]
[Black "Ashton,A"]
[Result "0-1"]
[WhiteElo "2057"]
[BlackElo "2299"]

1.Nf3 d5 2.c4 e6 3.d4 Nf6 4.Bg5 Nbd7 5.e3 Be7 6.Nc3 a6 7.Rc1 O-O 8.cxd5 exd5
9.Bd3 Re8 10.O-O c6 11.Qc2 Nf8 12.h3 Ng6 13.Bxf6 Bxf6 14.b4 Be7 15.Rb1 Bd6
16.Na4 Rb8 17.a3 Qf6 18.e4 dxe4 19.Bxe4 Qf4 20.Rfe1 Be6 21.Nc5 Bd5 22.Bxd5 cxd5
23.Qd2 Qf5 24.Rxe8+ Rxe8 25.Re1 Rxe1+ 26.Qxe1 Qc8 27.Qe2 Nf4 28.Qe3 h6 29.Ne5 Ne6
30.Nxe6 Qxe6 31.Ng4 Qf5 32.Nh2 Bf4 33.Qc3 Kh7 34.g3 Bg5 35.h4 Bf6 36.Nf3 Qe4
37.Qe3 Kg6 38.Qxe4+ dxe4 39.Nd2 Bxd4 40.Nxe4 b5 41.Nd2 Bb2 42.Nb1 Kf5 43.Kf1 Ke4
44.Ke2 h5 45.f3+ Kd4 46.Kd2 f5 47.Kc2 Ba1 48.Kd2 g6 49.f4 Kc4 50.Ke2 Bb2
51.Nd2+ Kd4 52.Nf3+ Kc4 53.Ne5+ Kb3 54.Nxg6 Kxa3 55.Ne7 Kxb4 56.Nxf5 a5 57.Nd6 a4
58.Kd3 a3 59.Kc2 Bf6  0-1

[Event "Arcimpex Cup"]
[Site "Frydek Mistek CZE"]
[Date "2005.03.25"]
[Round "3"]
[White "Wiley,To"]
[Black "Dambrauskas,V"]
[Result "0-1"]
[WhiteElo "2208"]
[BlackElo "2307"]

1.Nf3 d5 2.c4 e6 3.d4 c6 4.Bg5 f6 5.Bf4 Nd7 6.e3 f5 7.Nc3 Ngf6 8.Bd3 Ne4
9.h3 Bb4 10.Qb3 Qa5 11.Rc1 Ndf6 12.a3 Be7 13.Ne5 O-O 14.f3 Nxc3 15.Qxc3 Qd8
16.Bh2 Nd7 17.O-O Bf6 18.Nxd7 Bxd7 19.Bd6 Rf7 20.e4 Be8 21.c5 g6 22.b4 a5
23.Rb1 b5 24.e5 Bg7 25.f4 Rfa7 26.Bc2 axb4 27.axb4 g5 28.g3 Bh6 29.Bb3 gxf4
30.gxf4 Qh4 31.Qe3 Kh8 32.Kh2 Bh5 33.Qf2 Qxf2+ 34.Rxf2 Rg8 35.Bd1 Bxd1 36.Rxd1 Ra3
37.Be7 Rgg3 38.Bf6+ Bg7 39.Bxg7+ Kxg7 40.Rg2 Rxg2+ 41.Kxg2 Kg6 42.Kf2 Rxh3
43.Ra1 Rd3 44.Ra6 Rxd4 45.Rxc6 Rxf4+ 46.Kg3 Rxb4 47.Rxe6+ Kg5 48.Rd6 Rd4
49.c6 b4 50.c7 Rc4 51.Rxd5 Rxc7 52.Rb5 Rc4 53.Rb7 f4+ 54.Kf3 Kf5 55.Rxh7 Kxe5  0-1

[Event "Western Pacific Open"]
[Site "Burbank USA"]
[Date "2005.03.26"]
[Round "2"]
[White "Zaloznyy,M"]
[Black "Yu,Ri"]
[Result "1-0"]
[WhiteElo "1975"]
[BlackElo "1961"]

1.Nf3 d5 2.c4 c6 3.b3 Nf6 4.g3 e6 5.Bg2 Bd6 6.Bb2 O-O 7.O-O Re8 8.d4 Nbd7
9.Nbd2 e5 10.cxd5 cxd5 11.dxe5 Nxe5 12.Bxe5 Bxe5 13.Nxe5 Rxe5 14.Nf3 Re8
15.Nd4 Bg4 16.Qd3 Qd7 17.Rfc1 Qe7 18.e3 Qe5 19.Qb5 Rab8 20.Qa5 Ne4 21.Qc7 Qh5
22.f3 Rbc8 23.Qf4 g5 24.Qxg4  1-0

[Event "Open"]
[Site "Coventry ENG"]
[Date "2005.03.26"]
[Round "5"]
[White "Cox,Tr"]
[Black "Chipanga,T"]
[Result "0-1"]
[WhiteElo "2057"]
[BlackElo "2189"]

1.Nf3 d5 2.c4 c6 3.b3 Nf6 4.g3 Bg4 5.Bg2 Nbd7 6.Bb2 e6 7.O-O Bd6 8.d3 O-O
9.Na3 Qe7 10.Nc2 e5 11.cxd5 cxd5 12.Ne3 Be6 13.Ng5 h6 14.Nxe6 fxe6 15.Nc2 Rf7
16.d4 e4 17.f3 Raf8 18.Ne1 Nh5 19.e3 Nxg3 20.hxg3 Bxg3 21.Qe2 Qh4 22.Bh1 Rf5
23.f4 R8f6 24.Rf2 Rg6 25.Bg2 Nf6 26.Qd2 Rh5 27.Kf1 Ng4 28.Re2 Nh2+ 29.Kg1 Bxe1
30.Raxe1  0-1

[Event "Dos Hermanas Internet KO"]
[Site "ICC INT"]
[Date "2005.03.26"]
[Round "1.5"]
[White "Milanovic,Da"]
[Black "Ni Hua"]
[Result "1-0"]
[WhiteElo "2447"]
[BlackElo "2625"]

1.Nf3 d5 2.c4 c6 3.e3 Nf6 4.b3 Bg4 5.Be2 e6 6.Bb2 Nbd7 7.d3 Bd6 8.Nbd2 Qe7
9.a3 O-O 10.h3 Bh5 11.g4 Bg6 12.Rg1 e5 13.h4 h5 14.gxh5 Bxh5 15.Ng5 Bxe2
16.Qxe2 Rfe8 17.h5 b5 18.Ndf3 bxc4 19.dxc4 Nf8 20.Nh4 Qd7 21.O-O-O Rab8 22.Qc2 N8h7
23.Nf5 Bf8 24.Nh6+ gxh6 25.Nxh7+  1-0

[Event "Norwegian Open"]
[Site "Oslo NOR"]
[Date "2005.03.26"]
[Round "8"]
[White "Hammer,J"]
[Black "Ofstad,P"]
[Result "1-0"]
[WhiteElo "2273"]
[BlackElo "2202"]

1.Nf3 d5 2.c4 c6 3.b3 Nf6 4.Bb2 g6 5.g3 Bg7 6.Bg2 O-O 7.O-O Bf5 8.d4 Be4
9.Nc3 e6 10.Nd2 Bxg2 11.Kxg2 Nbd7 12.e4 Nxe4 13.Ndxe4 dxe4 14.Nxe4 Nf6 15.Nc5 Qc7
16.Qf3 Rad8 17.Rad1 Nd7 18.Ne4 Qa5 19.Rd2 Qf5 20.Qe2 Nf6 21.f3 Nxe4 22.fxe4 Qg5
23.Rd3 Rd7 24.e5 Rfd8 25.h4 Qh5 26.Rdf3 g5 27.hxg5 Qxg5 28.Rf4 h5 29.b4 b6
30.Qf3 c5 31.bxc5 bxc5 32.d5 exd5 33.Rxf7 dxc4 34.e6 Rd2+ 35.Kh1 Rxb2 36.e7 Rdb8
37.Rf5 Qg6 38.Qd5+ Kh7 39.Rg5 Rb1 40.Rxg6 Rxf1+ 41.Kg2 Kxg6 42.Kxf1 Re8 43.Qe4+ Kf6
44.Qxc4 Rxe7 45.Qxc5 Kf7 46.Qxh5+ Kf8 47.Qc5 Bf6 48.Kg2 Kg7 49.Kf3 Rf7 50.Kg4 Re7
51.Kf5 Rb7 52.g4 Re7 53.a4 Kf7 54.a5 Bg7 55.Qd5+ Ke8 56.Kg6  1-0

[Event "ch-RUS w 1st League"]
[Site "Samara RUS"]
[Date "2005.03.27"]
[Round "5"]
[White "Demina,J"]
[Black "Yakovich,Yul"]
[Result "1/2-1/2"]
[WhiteElo "2346"]
[BlackElo "2083"]

1.Nf3 d5 2.c4 e6 3.g3 dxc4 4.Qa4+ Nd7 5.Qxc4 a6 6.d3 b5 7.Qc2 Bb7 8.Bg2 c5
9.O-O Ngf6 10.b3 Be7 11.Bb2 O-O 12.Nbd2 Qb6 13.h3 Nd5 14.a3 a5 15.e4 Nc7
16.a4 bxa4 17.bxa4 Na6 18.Nc4 Qa7 19.Qc3 Bf6 20.e5 Bd8 21.Nxa5 Bxa5 22.Qxa5 Nb4
23.Qxa7 Rxa7 24.Rfd1 Rfa8 25.Ne1 Bxg2 26.Nxg2 Nc6 27.f4 Rxa4 28.Rxa4  1/2-1/2

[Event "Spring Open"]
[Site "Belgrade SCG"]
[Date "2005.03.28"]
[Round "4"]
[White "Sarovski,N"]
[Black "Masovic,B"]
[Result "1-0"]
[WhiteElo "2073"]
[BlackElo "1865"]

1.Nf3 d5 2.c4 e6 3.d4 c6 4.g4 Qa5+ 5.Nc3 dxc4 6.Ne5 b5 7.Bg2 Bb7 8.O-O Qc7
9.Bf4 Qc8 10.a4 a6 11.Rc1 Nf6 12.e4 Be7 13.b3 b4 14.Ne2 c3 15.a5 O-O 16.Ng3 Rd8
17.g5 Ne8 18.Qd3 Nd7 19.Nc4 Nc7 20.Nd6 Qb8 21.Qc4 Nb5 22.Nxb7 Qxb7 23.h4 Na3
24.Qe2 Qb5 25.Qg4 e5 26.Nf5 Bf8 27.dxe5 Nxe5 28.Qg3 Nd3 29.Kh2 Nxc1 30.Nh6+ Kh8
31.Nxf7+ Kg8 32.Nh6+ Kh8 33.Rxc1 Qd3 34.Nf7+ Kg8 35.Nxd8 Qxg3+ 36.Kxg3 Rxd8
37.Bf1 Nb5 38.Bc4+ Kh8 39.h5 Bd6 40.e5 Bc7 41.Kf3 Na3 42.Bf7 Nb5 43.g6 h6
44.Ke4 Bxa5 45.e6 Rd4+ 46.Kf3 Bd8 47.Rg1 Rxf4+ 48.Kxf4 Bg5+ 49.Ke4 c2 50.f4 Bf6
51.Kd3 Na3 52.e7 Bxe7 53.Re1 c1=Q 54.Rxc1 Nb5 55.Rxc6 Na7 56.Rxa6  1-0

[Event "ch-EU"]
[Site "Cork IRL"]
[Date "2005.03.28"]
[Round "7"]
[White "Cech,P"]
[Black "Ryan,Jo"]
[Result "0-1"]
[WhiteElo "2407"]
[BlackElo "2328"]

1.Nf3 d5 2.c4 e6 3.e3 Nf6 4.b3 b6 5.Bb2 Bb7 6.Be2 Bd6 7.Qc2 O-O 8.cxd5 exd5
9.g4 d4 10.g5 Nd5 11.Bxd4 Nc6 12.Rg1 Nxd4 13.Nxd4 Be5 14.Qe4 Nxe3 15.Qxe5 Qxd4
16.Qxd4 Nc2+ 17.Kd1 Nxd4 18.Rg3 Rad8 19.Nc3 Rd6 20.Rc1 Rfd8 21.Nb1 c5 22.Re3 Rd5
23.h4 Rf5 24.Ke1 Rf4 25.Rcc3 Rxh4 26.Rh3 Rxh3 27.Rxh3 Re8 28.Nc3 Bf3  0-1

[Event "7th UI&UL GM"]
[Site "Dhaka BAN"]
[Date "2005.04.07"]
[Round "3"]
[White "Murshed,N"]
[Black "Suresh,KT"]
[Result "1-0"]
[WhiteElo "2487"]
[BlackElo "2226"]

1.Nf3 d5 2.c4 c6 3.g3 Nf6 4.Bg2 Bf5 5.cxd5 cxd5 6.Qb3 Qc8 7.Nc3 e6 8.d3 Be7
9.Bf4 Nc6 10.Nb5 O-O 11.Rc1 Bb4+ 12.Kf1 Qd8 13.Nbd4 Qb6 14.Be3 Nxd4 15.Nxd4 Rac8
16.Rxc8 Rxc8 17.Nxf5 exf5 18.Bxd5 Qc7 19.Kg2 Qd7 20.Bf3 a5 21.Rc1 Rxc1 22.Bxc1 b5
23.a3 Bf8 24.Bd2 b4 25.axb4 axb4 26.Qc4 Qe7 27.Qc8 Qe6 28.Qxe6 fxe6 29.Bc6 Kf7
30.h3 Bc5 31.e3 Bd6 32.Kf3 Ng8 33.Ke2 Ne7 34.Bb7 Nd5 35.d4 Nb6 36.Kd3 Kf6
37.Ba6 Na4 38.Kc2 e5 39.Kb3 Nb6 40.Bxb4 Bxb4 41.Kxb4 exd4 42.exd4 f4 43.Bd3 h5
44.Be4 fxg3 45.fxg3 Ke6 46.Kb5 Nc8 47.Kc5 Nd6 48.Bd5+ Kd7 49.Bf3 Nf5 50.g4 Ne7
51.gxh5 Kc7 52.b4  1-0

[Event "ch-CUB GpB"]
[Site "Santa Clara CUB"]
[Date "2005.04.08"]
[Round "2"]
[White "Alonso,Re"]
[Black "Perez,Rod"]
[Result "1/2-1/2"]
[WhiteElo "2387"]
[BlackElo "2437"]

1.Nf3 d5 2.c4 c6 3.e3 Nf6 4.Qc2 a6 5.h3 e6 6.b3 c5 7.cxd5 exd5 8.d4 Nc6 9.dxc5 Qa5+
10.Bd2 Qxc5 11.Bd3 Qxc2 12.Bxc2 Bc5 13.O-O  1/2-1/2

[Event "ch-CUB GpB"]
[Site "Santa Clara CUB"]
[Date "2005.04.10"]
[Round "4"]
[White "Alonso,Re"]
[Black "Ortiz,I"]
[Result "1-0"]
[WhiteElo "2387"]
[BlackElo "2399"]

1.Nf3 d5 2.c4 c6 3.d4 Nf6 4.Nc3 e6 5.Bg5 h6 6.Bxf6 Qxf6 7.Qc2 Nd7 8.e4 dxe4
9.Qxe4 Qd8 10.Bd3 Nf6 11.Qe2 Be7 12.O-O O-O 13.Rad1 Qa5 14.Ne5 c5 15.d5 Re8
16.f4 exd5 17.cxd5 c4 18.Bxc4 Bg4 19.Nxg4 Bc5+ 20.Kh1 Rxe2 21.Nxf6+ gxf6
22.Nxe2 Qb4 23.b3 b5 24.Bd3 Rd8 25.Ng3 Kf8 26.Bb1 Be3 27.Nf5 Bd2 28.d6 Qa5
29.a3 Bc3 30.Rf3 Bb2 31.Rh3 Bxa3 32.Rxh6 Kg8 33.b4 Bxb4 34.Ne7+ Kf8 35.Rh8+ Kg7
36.Rh7+ Kf8 37.Rh8+ Kg7 38.Rxd8 Qxd8 39.Nc6 Qxd6 40.Rxd6 Bxd6 41.Nxa7 Bxf4
42.Nxb5 Be5 43.Na3 Kh6 44.Nc4 Bc7 45.Ne3 Kg5 46.g3  1-0

[Event "7th UI&UL GM"]
[Site "Dhaka BAN"]
[Date "2005.04.14"]
[Round "11"]
[White "Uddin,S"]
[Black "Chowdhury,So"]
[Result "1/2-1/2"]
[WhiteElo "2205"]
[BlackElo "2163"]

1.Nf3 d5 2.c4 c6 3.d4 e6 4.Nc3 dxc4 5.e4 b5 6.g3 Nf6 7.Bg2 Bb4 8.Ne5 Bb7
9.O-O Bxc3 10.bxc3 O-O 11.a4 a6 12.Ba3 Re8 13.f4 Qd7 14.Qe2 Rc8 15.g4 Qc7
16.g5 Nfd7 17.Qh5  1/2-1/2

[Event "CES"]
[Site "Northeim GER"]
[Date "2005.04.15"]
[Round "4"]
[White "Gruender,M"]
[Black "Erdogan,U"]
[Result "0-1"]
[WhiteElo "2060"]
[BlackElo "2242"]

1.Nf3 d5 2.c4 c6 3.Qc2 Nf6 4.g3 g6 5.Bg2 Bg7 6.O-O O-O 7.d4 Bf5 8.Qb3 Qb6
9.Nc3 Nbd7 10.Bg5 Rfe8 11.Bxf6 Qxb3 12.axb3 Nxf6 13.b4 Ne4 14.c5 e5 15.dxe5 Bxe5
16.Nxe5 Rxe5 17.e3 Nd2 18.Rfd1 Nb3 19.Ra3 Bc2 20.Rf1 a6 21.Ne2 Ree8 22.Nd4 Nxd4
23.exd4 Re2 24.Re3 Rd2 25.Re7 Rb8  0-1

[Event "Extraliga CZE 2004-5"]
[Site "Czech Rep CZE"]
[Date "2005.04.16"]
[Round "10"]
[White "Cvek,R"]
[Black "Meduna,E"]
[Result "0-1"]
[WhiteElo "2490"]
[BlackElo "2433"]

1.Nf3 d5 2.c4 c6 3.e3 Bf5 4.cxd5 cxd5 5.Qb3 Qc7 6.Nc3 e6 7.Nb5 Qb6 8.Nbd4 Ne7
9.Qxb6 axb6 10.Nb5 Na6 11.Nd6+ Kd7 12.Nxf7 Rg8 13.Bb5+ Nc6 14.Nd4 Nb4 15.O-O Ke7
16.Bxc6 bxc6 17.Ne5 c5 18.Nxf5+ exf5 19.a3 Ke6 20.d4 Bd6 21.Nf3 c4 22.Ne1 Nc6
23.Bd2 b5 24.Nc2 Rgb8 25.Bc3 Rb7 26.f3 Re7 27.e4 Bf4 28.Rae1 Ree8 29.Rf2 fxe4
30.fxe4 Bh6 31.Rf5 dxe4 32.Rxb5 Kd6 33.d5 Reb8 34.Rxb8 Nxb8 35.Nb4 Nd7 36.Bd4 Bd2
37.Re2 Bxb4 38.axb4 g6 39.Bc3 Nb6 40.g3 Nxd5 41.Kg2 Kc6 42.Rd2 e3 43.Rd4 Nxc3
44.Kf1 Nd5 45.Rxc4+ Kd6 46.Ke1 Rb8 47.Ke2 Ke5 48.Kd3 Rf8 49.Rh4 Rf2  0-1

[Event "ch-RSA"]
[Site "Johannesburg RSA"]
[Date "2005.04.16"]
[Round "10"]
[White "De Villiers,C"]
[Black "Van der Merwe,C"]
[Result "1-0"]
[WhiteElo "2314"]
[BlackElo "2087"]

1.Nf3 d5 2.c4 e6 3.b3 Nf6 4.Bb2 Be7 5.g3 O-O 6.Bg2 c5 7.O-O Nc6 8.e3 a6 9.Qe2 Rb8
10.d3 b5 11.Nbd2 Qb6 12.e4 bxc4 13.dxc4 d4 14.e5 Nd7 15.Rfe1 a5 16.a4 Bb7
17.Rab1 Bd8 18.Ba3 Bc7 19.Ne4 Rfc8 20.Nfg5 h6 21.Qh5 Ncxe5 22.f4 Ng6 23.Nxf7 Kxf7
24.f5 exf5 25.Qxf5+ Nf6 26.Bxc5 Qa6 27.Nd6+ Kg8 28.Bxb7  1-0

[Event "ch-SCG w"]
[Site "Pancevo SCG"]
[Date "2005.04.18"]
[Round "1"]
[White "Maksimovic,S"]
[Black "Stojanovic,An"]
[Result "1-0"]
[WhiteElo "2231"]
[BlackElo "2175"]

1.Nf3 d5 2.c4 c6 3.g3 Nf6 4.Bg2 g6 5.cxd5 cxd5 6.Qa4+ Nbd7 7.O-O Bg7 8.d3 O-O
9.Qh4 Re8 10.Nc3 Nc5 11.h3 e5 12.Bh6 d4 13.Nb5 a6 14.Na3 e4 15.Ng5 exd3 16.exd3 Bxh6
17.Qxh6 Nxd3 18.Nc4 Nc5 19.Rad1 Bf5 20.Ne3 Bd3 21.Ng4 Bxf1 22.Nxf6+ Qxf6
23.Qxh7+ Kf8 24.Qh4 Qe5 25.Bxf1 Ne6 26.Nxe6+ Qxe6 27.Qh8+ Ke7 28.Qxd4 Kf8
29.Qh8+ Ke7 30.Qh4+ Kf8 31.Bc4 Qe5 32.Rd7 Qe1+ 33.Kg2 Qe4+ 34.Qxe4 Rxe4 35.Rxf7+ Ke8
36.Rh7 Rd8 37.Bf7+ Kf8 38.Bxg6 Rb4 39.Rh8+ Ke7 40.Rxd8 Kxd8 41.b3 Rd4 42.h4 Ke7
43.Kf3 Rd2 44.Be4 b5 45.h5 Rxa2 46.h6 Kf8 47.g4 Rb2 48.g5 Rxb3+ 49.Kg4 Rb4
50.f3 Rxe4+ 51.fxe4 b4 52.Kf5 b3 53.Kg6 b2 54.h7 b1=Q 55.h8=Q+ Ke7 56.Qf6+ Kd7
57.Qf5+ Kc7 58.e5 Qb8 59.Kf7 Qb3+ 60.e6 Kd6 61.Qf6 Qc4 62.g6 Qd5 63.Qd8+  1-0

[Event "Spring Inv"]
[Site "Chicago USA"]
[Date "2005.04.19"]
[Round "8"]
[White "Kraai,J"]
[Black "Karagianis,P"]
[Result "1-0"]
[WhiteElo "2416"]
[BlackElo "2259"]

1.Nf3 d5 2.c4 c6 3.e3 Nf6 4.Nc3 e6 5.b3 Bd6 6.Bb2 a6 7.d4 Nbd7 8.Qc2 b5 9.Be2 b4
10.Na4 Bb7 11.O-O Rc8 12.c5 Bc7 13.a3 a5 14.axb4 axb4 15.Bd3 h5 16.Rfe1 Ra8
17.Qe2 Ne4 18.Qc2 Nef6 19.Ne5 Ng4 20.f4 Qh4 21.Nf3 Qf6 22.Qd2 Bc8 23.Nb6 Rxa1
24.Rxa1 O-O 25.Nxd7 Bxd7 26.h3 Nh6 27.Ra7 Rc8 28.Qxb4 Nf5 29.Qe1 Be8 30.g4 Nxe3
31.Qxe3 Bxf4 32.Qf2 Bb8 33.g5 Qf4 34.Ra8 e5  1-0

[Event "GMB"]
[Site "Gausdal NOR"]
[Date "2005.04.19"]
[Round "7"]
[White "Hammer,J"]
[Black "Reinderman,D"]
[Result "0-1"]
[WhiteElo "2303"]
[BlackElo "2509"]

1.Nf3 d5 2.c4 d4 3.b4 g6 4.e3 e5 5.Qe2 Qe7 6.a3 Bg7 7.d3 dxe3 8.Bxe3 Nc6
9.Ra2 Bf5 10.Bc5 Qe6 11.Ng5 Qd7 12.h3 Rd8 13.Rd2 b6 14.Be3 h6 15.Ne4 Be6
16.f3 f5 17.Nec3 Nge7 18.g4 O-O 19.Bg2 Nd4 20.Qf2 g5 21.Qg1 Ng6 22.Bxd4 exd4
23.Ne2 Be5 24.Kd1 Qd6 25.Kc2 a5 26.b5 Qc5 27.Kc1 Nf4 28.Kd1 Nxd3 29.Rxd3 Bxc4
30.Rd2 Qxb5  0-1

[Event "2nd Open"]
[Site "Porto Carras GRE"]
[Date "2005.04.24"]
[Round "3"]
[White "Andronis,V"]
[Black "Makka,I"]
[Result "1/2-1/2"]
[WhiteElo "2057"]
[BlackElo "2250"]

1.Nf3 d5 2.c4 d4 3.g3 g6 4.Bg2 Bg7 5.d3 e5 6.O-O a5 7.e3 dxe3 8.fxe3 Ne7
9.Nc3 Nbc6 10.Nb5 O-O 11.d4 exd4 12.exd4 Bg4 13.Kh1 Nf5 14.Bf4 Ncxd4 15.Bxc7 Qc8
16.Qc1 Bh6 17.Qc3 Nxb5 18.cxb5 Ne3 19.Ne5 Nxg2 20.Nxg4 Qxg4 21.Kxg2 Qe2+
22.Rf2 Qxb5 23.Bf4 Bg7 24.Qf3 Rad8 25.Rd1 Rxd1 26.Qxd1 Qb6 27.b3 Rd8 28.Qc1 Qb5
29.Rd2 Re8 30.Qd1 Bf8 31.Qf3 Bb4 32.Rf2 Bc5 33.Rc2 Ba7 34.Bh6 Qb6 35.Re2 Rxe2+
36.Qxe2 Qc6+ 37.Qf3 Qxf3+ 38.Kxf3 f6 39.Bd2 Bb6 40.Ke4 Kf7 41.Kd5 Ke7 42.g4 Bc7
43.h3 Kd7 44.Bc3 Bd8 45.a4 b6 46.Bd4 h5 47.gxh5 gxh5 48.Be3 Bc7 49.Bd4 f5
50.Be5 Bd8 51.Bf4 Bf6  1/2-1/2

[Event "7th Rector Cup"]
[Site "Kharkiv UKR"]
[Date "2005.04.26"]
[Round "7"]
[White "Tihonov,J"]
[Black "Arzumanian,G"]
[Result "1/2-1/2"]
[WhiteElo "2466"]
[BlackElo "2456"]

1.Nf3 d5 2.c4 e6 3.b3 Nf6 4.Bb2 Bd6 5.g3 O-O 6.Bg2 Nbd7 7.O-O c6 8.d4 Ne4
9.Ne5 Qe7 10.Nd2 f5 11.e3 Nxe5 12.dxe5 Bb4 13.Nb1 dxc4 14.bxc4 b6 15.Qc2 Bb7
16.f3 Ng5 17.Nc3 Qc5 18.Nd1 Rad8 19.Rf2 Ba6 20.Rc1 Rd7 21.Bd4 Qe7 22.Qa4 Bb7
23.c5 bxc5 24.Bc3 Rfd8 25.Nb2 Bxc3 26.Rxc3 c4 27.Qxc4 Rd2 28.Nd3 Rd1+ 29.Rf1 Rxf1+
30.Kxf1 c5 31.Ke2 Bd5 32.Qxc5 Qb7 33.Ne1 Bxa2 34.Qa5 Qd5 35.Qxd5 Bxd5 36.Nd3 Rb8
37.Rc2 a5 38.Nc5 a4 39.e4 fxe4 40.fxe4 Bb3 41.Rc3 Nf7 42.Bh3 Nd8 43.Kd2 Kf7
44.Rd3 Kg6 45.Rd6 Nf7 46.Ra6 Nxe5 47.Bxe6 Kh5 48.Nxb3 axb3 49.Ra5 b2 50.Rxe5+ Kg6
51.Ba2 b1=Q 52.Bxb1 Rxb1 53.Ke3 Kf6 54.Re8 Re1+ 55.Kf4 Rf1+ 56.Kg4 Re1 57.h4 Kf7
58.Re5 Kf6 59.Rf5+ Ke6 60.Rg5 g6 61.Kf3 Rf1+ 62.Ke2 Ra1 63.Rb5 Ra3 64.Kf2 h5
65.Rg5 Kf7 66.Rb5 Ke6 67.Rb6+ Ke5 68.Rb4 Ra2+ 69.Kf3 Ra3+ 70.Kg2 Ra2+ 71.Kh3 Ra6
72.Rc4 Rb6  1/2-1/2

[Event "2nd Open"]
[Site "Porto Carras GRE"]
[Date "2005.04.26"]
[Round "7"]
[White "Zysk,R"]
[Black "Obodchuk,A"]
[Result "1-0"]
[WhiteElo "2462"]
[BlackElo "2442"]

1.Nf3 d5 2.c4 c6 3.g3 Nf6 4.Bg2 Bg4 5.Qc2 e6 6.b3 Nbd7 7.Bb2 Bd6 8.d3 O-O
9.Nbd2 Qe7 10.h3 Bxf3 11.Nxf3 Ba3 12.O-O Bxb2 13.Qxb2 a5 14.a3 Rfc8 15.b4 axb4
16.axb4 Qd8 17.c5 Ne8 18.Nd2 Rxa1 19.Rxa1 Ra8 20.d4 Nc7 21.Nb3 Rxa1+ 22.Qxa1 Qb8
23.Na5 Qa8 24.e3 g6 25.Bf1 Nb5 26.Bxb5 cxb5 27.Qf1 Qa6 28.Qe2 Nb8 29.e4 dxe4
30.Qxe4 Nc6 31.Nxc6 bxc6 32.Kg2 Qc8 33.h4 Qd7 34.Kf3 f6 35.g4 Kg7 36.g5 h6
37.gxf6+ Kxf6 38.Qe5+ Kf7 39.Qd6 Qc8 40.Ke4 Kf6 41.Qf4+ Kg7 42.Qe5+ Kf7 43.Qd6 Kf6
44.f3 Kf7 45.Qf4+ Kg7 46.Qe5+ Kf7 47.Qd6 Kf6 48.Kf4 Kf7 49.Ke5 Qh8+ 50.Ke4 Qc8
51.Kd3 Kf6 52.d5 cxd5 53.c6 Qa6 54.Qf8+  1-0

[Event "3rd V Nabokov Mem"]
[Site "Kiev UKR"]
[Date "2005.04.27"]
[Round "10"]
[White "Matorin,E"]
[Black "Galinsky,T"]
[Result "1/2-1/2"]
[WhiteElo "2311"]
[BlackElo "2427"]

1.Nf3 d5 2.c4 e6 3.b3 Nf6 4.g3 Bd6 5.Bb2 O-O 6.Bg2 c6 7.O-O Qe7 8.d4 Nbd7
9.Nbd2 b6 10.Ne5 Bb7 11.e4 dxe4 12.Nxe4 Nxe4 13.Bxe4 Rac8 14.Qc2 Nf6 15.Bg2 c5
16.dxc5 Bxc5 17.Nf3 h6 18.Rad1 Rcd8 19.Rfe1 Ng4 20.Nd4 Bxg2 21.Kxg2 Nf6 22.f3 Qb7
23.h3 a6 24.Ne2 Qe7 25.Nf4 Rxd1 26.Rxd1 Rd8 27.Rxd8+ Qxd8 28.Qd3 Be7 29.Qxd8+ Bxd8
30.Bd4 Nd7 31.Nd3 Be7 32.Ne5 Nxe5 33.Bxe5 Bc5 34.Kf1 f6 35.Bc3 Kf7 36.b4 Bd6
37.Be1 h5 38.a4 e5 39.Ke2 Ke6 40.Kd3 Bc7 41.Bf2 f5 42.h4 g6 43.b5 axb5 44.axb5 Bd8
45.c5 bxc5 46.Kc4 e4 47.fxe4 fxe4 48.Kxc5 Bc7 49.b6 Be5 50.b7 Kd7 51.Kd5 Bb8
52.Kxe4 Kc6 53.Bd4 Bxg3 54.Be5 Bxe5 55.Kxe5 Kxb7 56.Kf6 Kc7 57.Kxg6 Kd8 58.Kxh5  1/2-1/2

[Event "2nd Open"]
[Site "Porto Carras GRE"]
[Date "2005.04.28"]
[Round "9"]
[White "Tolstikh,N"]
[Black "Bykhovsky,Av"]
[Result "1/2-1/2"]
[WhiteElo "2375"]
[BlackElo "2426"]

1.Nf3 d5 2.c4 e6 3.g3 c6 4.Qc2 Nf6 5.Bg2 Be7 6.O-O O-O 7.d4 b6 8.b3 Ba6 9.Bb2 Nbd7
10.Nbd2 Rc8 11.e4 Qc7 12.Rfe1 Rfd8 13.Rac1 Qb8 14.Qb1 Bb7 15.e5 Ne8 16.cxd5 cxd5
17.Bf1 Nf8 18.Bd3 Rxc1 19.Rxc1 Rc8 20.Rc2  1/2-1/2

[Event "TCh-RUS w"]
[Site "Sochi RUS"]
[Date "2005.04.28"]
[Round "10"]
[White "Sirotkina,N"]
[Black "Zhukova,N"]
[Result "0-1"]
[WhiteElo "2206"]
[BlackElo "2479"]

1.Nf3 d5 2.c4 d4 3.g3 Nc6 4.Bg2 e5 5.d3 Nf6 6.O-O Nd7 7.e4 Be7 8.Ne1 O-O
9.a3 a5 10.b3 Nc5 11.f4 exf4 12.Bxf4 Be6 13.h3 Qd7 14.Kh2 f5 15.exf5 Rxf5
16.Nf3 Raf8 17.Ra2 Bd6 18.Bxd6 Qxd6 19.Rb2 Nd7 20.Nh4 R8f6 21.Nf3 Rh6 22.Qe1 Nf6
23.Kg1 Ng4 24.Rd2 Nce5 25.hxg4 Rh3  0-1

[Event "62nd ch-POL"]
[Site "Poznan POL"]
[Date "2005.04.29"]
[Round "8"]
[White "Miton,K"]
[Black "Bobras,P"]
[Result "1/2-1/2"]
[WhiteElo "2592"]
[BlackElo "2501"]

1.Nf3 d5 2.c4 c6 3.e3 Nf6 4.Nc3 a6 5.b3 Bf5 6.Ba3 Nbd7 7.Be2 h6 8.cxd5 cxd5
9.O-O Bg4 10.Qb1 e6 11.Bxf8 Nxf8 12.b4 Bxf3 13.gxf3 Ng6 14.Kh1 O-O 15.Rg1 Rc8
16.Qb2 d4 17.Ne4 Nxe4 18.fxe4 d3 19.Bd1 Qh4 20.f4 Qf2 21.Rg2 Qe1+ 22.Rg1 Qf2
23.Rg2 Qe1+ 24.Rg1 Qf2  1/2-1/2

[Event "SME Open"]
[Site "Ostrava CZE"]
[Date "2005.05.02"]
[Round "3"]
[White "Pardy,M"]
[Black "Tretina,Z"]
[Result "0-1"]
[WhiteElo "2042"]
[BlackElo "1893"]

1.Nf3 d5 2.c4 e6 3.d4 Nf6 4.Nc3 c6 5.Bg5 Nbd7 6.e3 Qa5 7.cxd5 exd5 8.Qc2 Ne4
9.Bh4 Bb4 10.a3 Nxc3  0-1

[Event "SME Open"]
[Site "Ostrava CZE"]
[Date "2005.05.04"]
[Round "5"]
[White "Gil,K"]
[Black "Pecha,T"]
[Result "1-0"]
[WhiteElo "2086"]
[BlackElo "1843"]

1.Nf3 d5 2.c4 c6 3.e3 Nf6 4.Nc3 e6 5.b3 Nbd7 6.Be2 Bd6 7.Bb2 O-O 8.Qc2 Re8
9.O-O Nf8 10.d4 Ng6 11.e4 e5 12.cxd5 cxd5 13.Nxd5 Nxd5 14.exd5 e4 15.Ne5 Nf4
16.Bb5 Qg5 17.Qxe4 Bh3 18.g3 Bxf1 19.Kxf1 Qh5 20.Qxf4 f6 21.Qf3 Qh3+ 22.Kg1 fxe5
23.Bxe8 Rxe8 24.Re1 Rf8 25.Qg2 Qxg2+ 26.Kxg2 exd4 27.Bxd4 a6 28.Re6 Rd8 29.f4 Kf7
30.Kf3 Rd7 31.Ke4 Re7 32.f5 g6 33.Rxe7+ Bxe7 34.g4 b5 35.Be5 Bd8 36.d6 h5
37.h3 h4 38.Kd5 b4 39.Kc6 gxf5 40.gxf5 Ke8 41.Bd4 a5 42.Bb6 Bxb6 43.Kxb6 Kd7
44.Kc5 Kd8 45.Kc6 Kc8 46.f6 a4 47.f7 Kb8 48.f8=Q+ Ka7 49.Qe7+ Ka6 50.Qb7+ Ka5
51.Qb6+  1-0

[Event "SME Open"]
[Site "Ostrava CZE"]
[Date "2005.05.04"]
[Round "5"]
[White "Pardy,M"]
[Black "Gutdeutsch,O"]
[Result "0-1"]
[WhiteElo "2042"]
[BlackElo "2072"]

1.Nf3 d5 2.c4 Nf6 3.e3 Nc6 4.d4 Bf5 5.Nc3 e6 6.Be2 h6 7.O-O g5 8.Qb3 Nb4
9.Ne1 Rb8 10.Qa4+ Nc6 11.cxd5 Nxd5 12.Bb5 Ne7 13.e4 Bg6 14.Nf3 Bg7 15.d5 a6
16.Bxc6+ bxc6 17.dxe6 fxe6 18.Rd1 Qc8 19.Be3 O-O 20.Bc5 Rf7 21.Rd2 e5 22.Rad1 Qe6
23.Qxa6 Bh5 24.Qa7 Rbf8 25.Qxc7 Bxf3 26.gxf3 Nd5 27.exd5 Qh3 28.Qxc6 Rf6
29.Bxf8 Rxc6 30.dxc6 Bxf8 31.c7 Qc8 32.Rd7  0-1